La montaña adentro. (Registro nro. 20531)

Detalles MARC
000 -CABECERA
Campo de control 00828nam a22002537a 4500
005 - FECHA Y HORA DE LA ULTIMA TRANSACCION
Campo de control 20191029084121.0
008 - ELEMENTOS DE LONGITUD FIJA—INFORMACION GENERAL
Campo de control 191029b xxu||||| |||| 00| 0 spa d
020 ## - ISBN
ISBN 9789584873378
040 ## - FUENTE DE CATALOGACIÓN
Agencia catalogadora original CO-BoIAVH
Agencia transcriptora CO-BoIAVH
041 ## - IDIOMA
Código de idioma para texto/pista de sonido o título separado Español
044 ## - PAÍS DE PUBLICACIÓN
País de publicación Colombia
082 ## - NUMERO DE CLASIFICACION DECIMAL DEWEY
Número de clasificación 918.04
Número del ítem F46m
100 ## - ASIENTO PRINCIPAL--NOMBRE PERSONAL
9 (RLIN) 101808
Nombre personal Figueroa, Cristina
245 13 - MENCION DE TITULO
Título La montaña adentro.
250 ## - MENCION DE EDICION
Mención de edición Primera edición
260 ## - PUBLICACION, DISTRIBUCION, ETC. (PIE DE IMPRENTA)
Lugar de publicación, distribución, etc. Bogotá:
Nombre del editor, distribuidor, etc. Editorial De-espejar,
Fecha de publicación, distribución, etc. 2019.
300 ## - DESCRIPCION FISICA
Extensión 24 Páginas:
Otros detalles físicos fotografías,
Dimensiones 16 x 24 cm.
500 ## - NOTA GENERAL
Nota general Proyecto editorial independiente - 45 Salón Nacional de artistas 2019 Idartes.
650 #0 - ASIENTO SECUNDARIO DE MATERIA - TERMINO TEMATICO
9 (RLIN) 101809
Término temático o nombre geográfico como elemento de entrada Viajes
Subdivisión geográfica America del sur
650 #0 - ASIENTO SECUNDARIO DE MATERIA - TERMINO TEMATICO
9 (RLIN) 51471
Término temático o nombre geográfico como elemento de entrada Fotografía de la naturaleza
650 #0 - ASIENTO SECUNDARIO DE MATERIA - TERMINO TEMATICO
9 (RLIN) 1435
Término temático o nombre geográfico como elemento de entrada Medio ambiente
Subdivisión geográfica Colombia
651 #0 - ASIENTO SECUNDARIO DE MATERIA - NOMBRE GEOGRAFICO
9 (RLIN) 101810
Nombre geográfico Cordillera de los Andes
Subdivisión geográfica Colombia
942 ## - ELEMENTOS ADICIONALES (KOHA)
Sistema de clasificación Dewey Decimal Classification
Tipo de ítem Libro
Existencias
Withdrawn status Lost status Sistema de Clasificación Damaged status No para préstamo Colección Ubicación Permanente Ubicación actual Fecha de adquisición Datos de publicación Seriada Total Checkouts Número topográfico Inventario / Código de Barras Date last seen Ejemplar Price effective from Forma de adquisición Tipo de material
    Dewey Decimal Classification     General Bogotá Bogotá 29/10/2019 Cristina Figueroa Palau - Ganadora de la beca para proyectos editoriales independientes (45 Salón Nacional de artistas 2019 otorgada por Idartes).   LB-918.04 F46m 043647 29/10/2019 Ej.1 29/10/2019 Donación Libro
    Dewey Decimal Classification     General Bogotá Bogotá 29/10/2019     LB-918.04 F46m 043648 29/10/2019 Ej.2 29/10/2019 Donación Libro
    Dewey Decimal Classification     General Bogotá Bogotá 29/10/2019     LB-918.04 F46m 043649 29/10/2019 Ej.3 29/10/2019 Donación Libro
    Dewey Decimal Classification     General Bogotá Bogotá 29/10/2019     LB-918.04 F46m 043650 29/10/2019 Ej.4 29/10/2019 Donación Libro
    Dewey Decimal Classification     General Villa de Leyva Villa de Leyva 29/10/2019     LB-918.04 F46m 043651 29/10/2019 Ej.5 29/10/2019 Donación Libro
    Dewey Decimal Classification     General Villa de Leyva Villa de Leyva 29/10/2019     LB-918.04 F46m 043652 29/10/2019 Ej.6 29/10/2019 Donación Libro